Toán nâng cao đại số THCS Dành cho giáo viên và học sinh khối 7

Đã lưu trong:
书目详细资料
主要作者: Nguyễn, Vĩnh Cận
格式: 图书
出版: Hà Nội Đại học sư phạm 2005
主题:
标签: 添加标签
没有标签, 成为第一个标记此记录!
Thư viện lưu trữ: Trung tâm Học liệu Lê Vũ Hùng, Trường Đại học Đồng Tháp
LEADER 00761pam a22002418a 4500
001 00042297
005 20180910100922.0
008 161005s2015 ||||||Viesd
020 # # |c 16000 
041 0 # |a Vie 
082 1 4 |b T406N  |a 512 
100 1 # |a Nguyễn, Vĩnh Cận 
245 1 0 |b Dành cho giáo viên và học sinh khối 7  |c Nguyễn Vĩnh Cận  |a Toán nâng cao đại số THCS 
260 # # |a Hà Nội  |b Đại học sư phạm  |c 2005 
300 # # |a 166 tr.  |c 24 cm. 
653 # # |a Bài tập 
653 # # |a Giải toán 
653 # # |a Lớp 7 
653 # # |a THCS 
653 # # |a Toán học 
852 # # |j KD.0024078 
910 |d 10/09/2018 
980 # # |a Trung tâm Học liệu Lê Vũ Hùng, Trường Đại học Đồng Tháp